[Event "FAI-ch"]
[Site "Sandavagur"]
[Date "2024.03.29"]
[Round "7"]
[White "Petersen, Terji"]
[Black "Nielsen, Rogvi Egilstoft"]
[Result "0-1"]
[WhiteElo "2040"]
[BlackElo "2279"]
[PlyCount "56"]
[EventDate "2024.03.23"]
[EventType "tourn"]
[EventRounds "7"]
[EventCountry "FAI"]
[SourceTitle "CB14_2024"]
[SourceDate "2024.04.01"]
[SourceVersion "1"]
[SourceVersionDate "2024.04.01"]
[SourceQuality "1"]

1. d4 Nf6 2. c4 e6 3. Nf3 a6 4. Nc3 d5 5. cxd5 exd5 6. Bg5 c6 7. e3 h6 8. Bh4 Be7 9. Bd3 Nbd7 10. Qc2 0-0 11. 0-0 Re8 12. Nd2 c5 13. dxc5 Nxc5 14. Nf3 Be6 15. Rfd1 Rc8 16. Rac1 Qb6 17. Nd4 Nce4 18. Bxf6 Bxf6 19. Nxe6 Nxc3 20. bxc3 Rxc3 21. Qb1 Rxe6 22. Bf5 Rxc1 23. Rxc1 Qxb1 24. Rxb1 Rc6 25. e4 d4 26. f4 d3 27. e5 d2 28. Kf2 Rc1 0-1

[Event "FAI-ch"]
[Site "Sandavagur"]
[Date "2024.03.27"]
[Round "5"]
[White "Wiberg, Ingi"]
[Black "Nielsen, Rogvi Egilstoft"]
[Result "1/2-1/2"]
[WhiteElo "1883"]
[BlackElo "2279"]
[PlyCount "59"]
[EventDate "2024.03.23"]
[EventType "tourn"]
[EventRounds "7"]
[EventCountry "FAI"]
[SourceTitle "CB14_2024"]
[SourceDate "2024.04.01"]
[SourceVersion "1"]
[SourceVersionDate "2024.04.01"]
[SourceQuality "1"]

1. c4 e6 2. e4 c5 3. Nc3 Nc6 4. g3 a6 5. a4 g6 6. Nge2 Bg7 7. Bg2 Nge7 8. 0-0 0-0 9. d3 Rb8 10. Be3 Nd4 11. Rb1 Nec6 12. Bf4 Nxe2+ 13. Nxe2 d6 14. Qd2 b5 15. axb5 axb5 16. cxb5 Rxb5 17. Bh6 Bxh6 18. Qxh6 Qf6 19. Nc3 Rb6 20. f4 Qd4+ 21. Kh1 Qg7 22. Qg5 Ba6 23. Rfd1 Rfb8 24. f5 Qe5 25. Qd2 Nb4 26. Rf1 Bxd3 27. f6 Bxf1 28. Rxf1 Kh8 29. Qh6 Rg8 30. g4 1/2-1/2

[Event "EU-chT 24th"]
[Site "Budva"]
[Date "2023.11.15"]
[Round "5.3"]
[White "Mitchell, Martin"]
[Black "Nielsen, Rogvi Egilstoft"]
[Result "0-1"]
[WhiteElo "2186"]
[BlackElo "2254"]
[PlyCount "64"]
[EventDate "2023.11.11"]
[EventType "team-swiss"]
[EventRounds "9"]
[EventCountry "MNE"]
[SourceTitle "CB47_2023"]
[SourceDate "2023.11.22"]
[SourceVersion "1"]
[SourceVersionDate "2023.11.22"]
[SourceQuality "1"]
[WhiteTeam "Scotland"]
[BlackTeam "Faroe Islands"]
[WhiteTeamCountry "SCO"]
[BlackTeamCountry "FAI"]

1. d4 e6 2. c4 Nf6 3. Nc3 Bb4 4. Nf3 b6 5. Qb3 Qe7 6. Bf4 d5 7. e3 0-0 8. Bg5 Bb7 9. Bxf6 gxf6 10. a3 Bxc3+ 11. Qxc3 dxc4 12. Bxc4 Kh8 13. Be2 Rg8 14. 0-0 c5 15. dxc5 Nd7 16. c6 Rac8 17. Nd4 Ne5 18. Bb5 a6 19. Qb4 Qc7 20. cxb7 Qxb7 21. f3 axb5 22. Qxb5 Nc4 23. Rae1 Rg5 24. Qb4 e5 25. Nb5 Qd5 26. b3 Nd2 27. Rd1 Nxf3+ 28. Kh1 Rxg2 29. Kxg2 Nd4+ 30. Kh3 Rg8 31. Rf2 Qe6+ 32. Kh4 Qg4# 0-1

[Event "Piestany op-A"]
[Site "Piestany"]
[Date "2023.07.12"]
[Round "2"]
[White "Nielsen, Hogni Egilstoft"]
[Black "Nielsen, Rogvi Egilstoft"]
[Result "1/2-1/2"]
[WhiteElo "2414"]
[BlackElo "2311"]
[PlyCount "21"]
[EventDate "2023.07.11"]
[EventType "swiss"]
[EventRounds "9"]
[EventCountry "SVK"]
[SourceTitle "EXT 2024"]
[Source "ChessBase"]
[SourceDate "2023.10.10"]
[SourceVersion "1"]
[SourceVersionDate "2023.10.10"]
[SourceQuality "1"]

1. Nf3 d6 2. d4 f5 3. g3 Nf6 4. Bg2 e6 5. c4 Be7 6. Nc3 0-0 7. Qc2 Qe8 8. 0-0 Qg6 9. b3 Nc6 10. Bb2 Ne4 11. a3 1/2-1/2

[Event "Piestany op-A"]
[Site "Piestany"]
[Date "2023.07.11"]
[Round "1"]
[White "Nielsen, Rogvi Egilstoft"]
[Black "Joel Paul, Ganta"]
[Result "1-0"]
[WhiteElo "2311"]
[BlackElo "1974"]
[PlyCount "115"]
[EventDate "2023.07.11"]
[EventType "swiss"]
[EventRounds "9"]
[EventCountry "SVK"]
[SourceTitle "EXT 2024"]
[Source "ChessBase"]
[SourceDate "2023.10.10"]
[SourceVersion "1"]
[SourceVersionDate "2023.10.10"]
[SourceQuality "1"]

1. e4 c5 2. c3 d5 3. exd5 Qxd5 4. d4 Nc6 5. Nf3 Nf6 6. Be3 Bg4 7. Be2 cxd4 8. cxd4 e6 9. Nc3 Bb4 10. 0-0 Qd8 11. h3 Bh5 12. Ne5 Bxe2 13. Qxe2 0-0 14. Nxc6 bxc6 15. Rac1 Qa5 16. a3 Be7 17. Rc2 Rfd8 18. Rfc1 Nd5 19. Ne4 Qb5 20. Qf3 h6 21. Ng3 Rab8 22. Bd2 Qb3 23. Qe2 Qb5 24. b4 Qa4 25. Qf3 a5 26. Rxc6 axb4 27. axb4 Bxb4 28. Bf4 Ba3 29. Bxb8 Bxc1 30. Rxc1 Rxb8 31. Ne2 Qb3 32. Rc8+ Kh7 33. Rxb8 Qxb8 34. Qxf7 Qb1+ 35. Kh2 Qe4 36. Ng3 Qg6 37. Qf3 Nf6 38. Qe3 Nd5 39. Qe5 Qf7 40. Qe4+ Qg6 41. f3 Nc3 42. Qxg6+ Kxg6 43. Kg1 Nb5 44. Ne2 Kf6 45. Kf2 h5 46. g3 g5 47. Ke3 Nd6 48. Kd3 Nf5 49. g4 hxg4 50. hxg4 Nh4 51. Ke3 Ng2+ 52. Kf2 Nh4 53. Nc3 Kg7 54. Ne4 Kg6 55. Kg3 Kh6 56. Nxg5 Ng6 57. Nxe6 Ne7 58. Nc7 1-0

[Event "FAI-ch"]
[Site "Torshavn"]
[Date "2023.04.06"]
[Round "6"]
[White "Nolsoe, Eydun"]
[Black "Nielsen, Rogvi Egilstoft"]
[Result "0-1"]
[WhiteElo "2174"]
[BlackElo "2307"]
[PlyCount "86"]
[EventDate "2023.04.01"]
[EventType "tourn"]
[EventRounds "7"]
[EventCountry "FAI"]
[EventCategory "2"]
[SourceTitle "CBM 213 Extra"]
[Source "ChessBase"]
[SourceDate "2023.05.31"]
[SourceVersion "1"]
[SourceVersionDate "2023.05.31"]
[SourceQuality "1"]

1. e4 d5 2. exd5 Nf6 3. Bb5+ Bd7 4. Bxd7+ Qxd7 5. Nf3 Nxd5 6. 0-0 Nc6 7. Nc3 Nxc3 8. bxc3 g6 9. Rb1 b6 10. d4 Bg7 11. Bf4 0-0 12. Re1 Rfe8 13. Ne5 Nxe5 14. Bxe5 Qd5 15. a3 c5 16. Qd3 cxd4 17. Bxg7 Kxg7 18. cxd4 Rac8 19. Rb4 e6 20. c4 Qc6 21. Rc1 Red8 22. Rbb1 Rd7 23. Qc3 Kg8 24. f3 Qd6 25. Rd1 Rdc7 26. c5 bxc5 27. dxc5 Rxc5 28. Qf6 Qc7 29. h4 Rc2 30. Qg5 h5 31. Rb3 a5 32. Rbd3 Qc5+ 33. Qxc5 R8xc5 34. Rd8+ Kg7 35. R1d4 R5c4 36. Kh2 R2c3 37. a4 e5 38. R4d5 Rxh4+ 39. Kg3 Rg4+ 40. Kh3 e4 41. Rxa5 exf3 42. gxf3 Rxf3+ 43. Kh2 Ra3 0-1

[Event "FAI-ch"]
[Site "Torshavn"]
[Date "2023.04.05"]
[Round "5"]
[White "Nielsen, Rogvi Egilstoft"]
[Black "Ziska, Helgi Dam"]
[Result "0-1"]
[WhiteElo "2307"]
[BlackElo "2543"]
[PlyCount "90"]
[EventDate "2023.04.01"]
[EventType "tourn"]
[EventRounds "7"]
[EventCountry "FAI"]
[EventCategory "2"]
[SourceTitle "CBM 213 Extra"]
[Source "ChessBase"]
[SourceDate "2023.05.31"]
[SourceVersion "1"]
[SourceVersionDate "2023.05.31"]
[SourceQuality "1"]

1. e4 c5 2. c3 Nf6 3. e5 Nd5 4. Nf3 Nc6 5. Bc4 Nb6 6. Bb3 c4 7. Bc2 g6 8. Na3 d5 9. exd6 Qxd6 10. 0-0 Bg7 11. b3 cxb3 12. axb3 0-0 13. d4 Re8 14. Ng5 h6 15. Ne4 Qd8 16. Qf3 Bf5 17. Nc5 Bxc2 18. Nxc2 Nd7 19. Nxb7 Qb6 20. Nc5 Nxc5 21. dxc5 Qxc5 22. Ra4 Qb6 23. c4 a5 24. Ra3 Rab8 25. Qh3 h5 26. Ne3 e6 27. g4 Nd4 28. gxh5 Ne2+ 29. Kh1 Qc6+ 30. f3 Nf4 31. Qh4 Nxh5 32. Rxa5 Rxb3 33. Rxh5 gxh5 34. Qxh5 Re7 35. h4 Rb1 36. Rg1 f5 37. Kh2 Qd6+ 38. Kh3 Rxc1 39. Rxc1 Qd2 40. Qg5 Qxc1 41. Qxe7 Qxe3 42. Qe8+ Kh7 43. Qh5+ Qh6 44. Qf7 Qg6 45. Qe7 f4 0-1

[Event "Olympiad-44"]
[Site "Chennai"]
[Date "2022.07.31"]
[Round "3.3"]
[White "Zilleruelo Irizarry, Diego"]
[Black "Nielsen, Rogvi Egilstoft"]
[Result "1/2-1/2"]
[WhiteElo "2081"]
[BlackElo "2284"]
[PlyCount "55"]
[EventDate "2022.07.29"]
[EventType "team-swiss"]
[EventRounds "11"]
[EventCountry "IND"]
[SourceTitle "CBM 210"]
[Source "ChessBase"]
[SourceDate "2022.10.31"]
[SourceVersion "1"]
[SourceVersionDate "2022.10.31"]
[SourceQuality "1"]
[WhiteTeam "Puerto Rico"]
[BlackTeam "Faroe Islands"]
[WhiteTeamCountry "PUR"]
[BlackTeamCountry "FAI"]

1. e4 d5 2. exd5 Nf6 3. Bb5+ Bd7 4. Bxd7+ Qxd7 5. Nf3 Qxd5 6. 0-0 c6 7. Re1 Nbd7 8. Qe2 e6 9. c4 Qh5 10. d4 Bd6 11. Nc3 0-0 12. Ne4 Nxe4 13. Qxe4 Nf6 14. Qc2 Rad8 15. h3 a6 16. Bd2 Bb8 17. a3 Rd7 18. Rad1 Rfd8 19. b4 Qg6 20. Qc1 h6 21. Be3 Qf5 22. a4 Nh7 23. Qb1 Qf6 24. b5 axb5 25. axb5 cxb5 26. Qb3 b4 27. Qxb4 Nf8 28. Qb5 1/2-1/2

[Event "Olympiad-44"]
[Site "Chennai"]
[Date "2022.07.30"]
[Round "2.3"]
[White "Nielsen, Rogvi Egilstoft"]
[Black "Sindarov, Javokhir"]
[Result "0-1"]
[WhiteElo "2284"]
[BlackElo "2629"]
[PlyCount "118"]
[EventDate "2022.07.29"]
[EventType "team-swiss"]
[EventRounds "11"]
[EventCountry "IND"]
[SourceTitle "CBM 210"]
[Source "ChessBase"]
[SourceDate "2022.10.31"]
[SourceVersion "1"]
[SourceVersionDate "2022.10.31"]
[SourceQuality "1"]
[WhiteTeam "Faroe Islands"]
[BlackTeam "Uzbekistan"]
[WhiteTeamCountry "FAI"]
[BlackTeamCountry "UZB"]

1. e4 e5 2. Bc4 Nf6 3. d4 exd4 4. Nf3 Nc6 5. e5 d5 6. Bb5 Ne4 7. Nxd4 Bd7 8. Bxc6 bxc6 9. 0-0 Bc5 10. Be3 Bb6 11. f3 Ng5 12. f4 c5 13. fxg5 cxd4 14. Bxd4 Be6 15. Bxb6 axb6 16. Nc3 0-0 17. Qd2 d4 18. Ne2 c5 19. a3 Qd5 20. Qf4 Rad8 21. h4 Rfe8 22. Ng3 Bc8 23. Rae1 c4 24. Ne4 d3 25. cxd3 cxd3 26. Nd6 Re7 27. Qc4 Qxc4 28. Nxc4 Be6 29. Nd2 Rc7 30. Rf2 Bg4 31. e6 fxe6 32. Nf3 Bxf3 33. gxf3 d2 34. Rd1 Rc1 35. Rff1 Rc2 36. b4 Kf7 37. Kf2 Ra2 38. Ke2 Kg6 39. f4 Kf5 40. Rf3 Rd4 41. h5 Re4+ 42. Re3 Rxe3+ 43. Kxe3 Rxa3+ 44. Kxd2 Kxf4 45. Kc2 Kxg5 46. Rd7 Kh6 47. Rb7 Ra8 48. Rxb6 Kxh5 49. Rxe6 Rb8 50. Re7 Kg6 51. Kc3 h5 52. Re1 h4 53. Rb1 Kh5 54. b5 h3 55. Kd3 Kh4 56. b6 h2 57. b7 Rxb7 58. Rxb7 h1Q 59. Rxg7 Qd5+ 0-1

[Event "Fredericia IM"]
[Site "Fredericia"]
[Date "2022.05.29"]
[Round "9"]
[White "Nielsen, Rogvi Egilstoft"]
[Black "Vinter Schou, Uffe"]
[Result "0-1"]
[WhiteElo "2334"]
[BlackElo "2321"]
[PlyCount "76"]
[EventDate "2022.05.25"]
[EventType "tourn"]
[EventRounds "9"]
[EventCountry "DEN"]
[EventCategory "2"]
[SourceTitle "CBM 208 Extra"]
[Source "ChessBase"]
[SourceDate "2022.07.31"]
[SourceVersion "1"]
[SourceVersionDate "2022.07.31"]
[SourceQuality "1"]

1. e4 c5 2. c3 Nf6 3. e5 Nd5 4. d4 cxd4 5. cxd4 d6 6. Bc4 Nb6 7. Bb5+ Bd7 8. e6 Bxb5 9. Qh5 Qc8 10. Qxb5+ Kd8 11. Be3 fxe6 12. Nc3 Qc4 13. Qg5 Nc6 14. Nge2 g6 15. 0-0 Bg7 16. Rfe1 Kd7 17. Rad1 Raf8 18. Qg4 Nd5 19. b3 Nxe3 20. fxe3 Qb4 21. Ne4 Rf5 22. Nf4 Rhf8 23. Nxe6 Kxe6 24. Ng5+ Kd7 25. Nxh7 R8f7 26. Ng5 Ke8 27. Nxf7 Kxf7 28. Rf1 Rf6 29. Qd7 Qc3 30. Rde1 Rxf1+ 31. Rxf1+ Bf6 32. Qxb7 Qxe3+ 33. Kh1 Qe2 34. Rc1 Nxd4 35. Qxa7 Nf5 36. Qa4 Ne3 37. Qe4 Qd2 38. Rg1 Nd1 0-1

[Event "Fredericia IM"]
[Site "Fredericia"]
[Date "2022.05.27"]
[Round "4"]
[White "Nielsen, Rogvi Egilstoft"]
[Black "Ramsdal, Jens Albert"]
[Result "1-0"]
[WhiteElo "2334"]
[BlackElo "2267"]
[PlyCount "67"]
[EventDate "2022.05.25"]
[EventType "tourn"]
[EventRounds "9"]
[EventCountry "DEN"]
[EventCategory "2"]
[SourceTitle "CBM 208 Extra"]
[Source "ChessBase"]
[SourceDate "2022.07.31"]
[SourceVersion "1"]
[SourceVersionDate "2022.07.31"]
[SourceQuality "1"]

1. e4 c5 2. c3 Nf6 3. e5 Nd5 4. d4 cxd4 5. Nf3 d6 6. cxd4 Nc6 7. Bc4 dxe5 8. dxe5 Be6 9. 0-0 g6 10. Qe2 Bg7 11. Ng5 0-0 12. Nxe6 fxe6 13. Nc3 Kh8 14. Rd1 Nxc3 15. bxc3 Qa5 16. Rb1 Rad8 17. Bb2 Nxe5 18. Bxe6 Rd6 19. Rxd6 exd6 20. Rd1 Qc5 21. c4 Re8 22. Bd5 b6 23. Kh1 Rf8 24. f3 Qc7 25. Ba3 h5 26. h3 Kh7 27. Qe4 Nf7 28. Qh4 Qd7 29. Be4 Qa4 30. Rd3 Qa5 31. Bxd6 Re8 32. Rd5 Qxa2 33. Bxg6+ Kh8 34. Qxh5+ 1-0

[Event "Fredericia IM"]
[Site "Fredericia"]
[Date "2022.05.25"]
[Round "1"]
[White "Fries Nielsen, Jens Ove"]
[Black "Nielsen, Rogvi Egilstoft"]
[Result "1-0"]
[WhiteElo "2370"]
[BlackElo "2334"]
[PlyCount "80"]
[EventDate "2022.05.25"]
[EventType "tourn"]
[EventRounds "9"]
[EventCountry "DEN"]
[EventCategory "2"]
[SourceTitle "CBM 208 Extra"]
[Source "ChessBase"]
[SourceDate "2022.07.31"]
[SourceVersion "1"]
[SourceVersionDate "2022.07.31"]
[SourceQuality "1"]

1. Nf3 b6 2. g3 Bb7 3. Bg2 g6 4. 0-0 Bg7 5. d3 e5 6. e4 Ne7 7. c4 0-0 8. Nc3 h6 9. d4 d6 10. Be3 f5 11. dxe5 dxe5 12. exf5 Nxf5 13. Nd2 Bxg2 14. Kxg2 Nc6 15. Nde4 Ncd4 16. Qd3 Qe8 17. Nb5 Qc6 18. Bxd4 exd4 19. Kg1 Rae8 20. Nd2 a6 21. Na3 Re6 22. Nc2 Rfe8 23. Rae1 Qa4 24. Rxe6 Rxe6 25. a3 c5 26. b3 Qc6 27. Re1 Bf8 28. Re4 Rxe4 29. Nxe4 Kg7 30. Ne1 Qe6 31. Nf3 Be7 32. h4 a5 33. a4 Bd8 34. Kf1 Bc7 35. Nfd2 Qf7 36. Ke2 Qe6 37. Kd1 Ne7 38. Kc2 Nc6 39. Kb1 Nb4 40. Qf3 Nc6 1-0

[Event "FAI-chT 2021"]
[Site "Faroe Islands"]
[Date "2021.02.28"]
[Round "9.1"]
[White "Nielsen, Rogvi Egilstoft"]
[Black "Rasmussen, Steintor"]
[Result "1-0"]
[WhiteElo "2351"]
[BlackElo "2048"]
[PlyCount "65"]
[EventDate "2020.10.04"]
[EventType "team-tourn"]
[EventRounds "10"]
[EventCountry "FAI"]
[SourceTitle "EXT 2022"]
[Source "ChessBase"]
[SourceDate "2021.10.06"]
[SourceVersion "1"]
[SourceVersionDate "2021.10.06"]
[SourceQuality "1"]
[WhiteTeam "Sandavagur"]
[BlackTeam "Klaksvik II"]
[WhiteTeamCountry "FAI"]
[BlackTeamCountry "FAI"]

1. e4 d5 2. exd5 Qxd5 3. Nf3 Nf6 4. d4 Bg4 5. Be2 e6 6. h3 Bf5 7. c4 Bb4+ 8. Nbd2 Bxd2+ 9. Bxd2 Qd8 10. Qb3 Be4 11. 0-0 0-0 12. Rad1 h6 13. Rfe1 a5 14. Ne5 Nc6 15. Nxc6 Bxc6 16. Bf4 Qd7 17. Qg3 Ne4 18. Qh2 Rfc8 19. d5 exd5 20. cxd5 Ba4 21. b3 Nc3 22. bxa4 Nxd1 23. Rxd1 Qxa4 24. Qg3 g5 25. Bxg5 hxg5 26. Qxg5+ Kf8 27. Qh6+ Kg8 28. Rd3 Ra6 29. Rg3+ Rg6 30. Rxg6+ fxg6 31. Qxg6+ Kh8 32. Qh6+ Kg8 33. Qe6+ 1-0

[Event "FAI-chT 2021"]
[Site "Faroe Islands"]
[Date "2021.02.07"]
[Round "7.1"]
[White "Nielsen, Rogvi Egilstoft"]
[Black "Samuelsen, Carl Eli Nolsoe"]
[Result "1-0"]
[WhiteElo "2351"]
[BlackElo "2176"]
[PlyCount "107"]
[EventDate "2020.10.04"]
[EventType "team-tourn"]
[EventRounds "10"]
[EventCountry "FAI"]
[SourceTitle "EXT 2022"]
[Source "ChessBase"]
[SourceDate "2021.10.06"]
[SourceVersion "1"]
[SourceVersionDate "2021.10.06"]
[SourceQuality "1"]
[WhiteTeam "Sandavagur"]
[BlackTeam "Havnin II"]
[WhiteTeamCountry "FAI"]
[BlackTeamCountry "FAI"]

1. e4 d5 2. exd5 Qxd5 3. Nf3 Bg4 4. Be2 Nf6 5. h3 Bh5 6. d4 e6 7. c4 Qd6 8. 0-0 c6 9. Be3 Be7 10. Qb3 Qb4 11. Qc2 Nbd7 12. a3 Qa5 13. Nc3 Bg6 14. Qd2 0-0 15. Nd5 Qd8 16. Nxe7+ Qxe7 17. Bg5 Rfe8 18. Qe3 e5 19. Rfe1 exd4 20. Qxd4 c5 21. Qd1 Qe6 22. Qb3 b6 23. Rad1 Rad8 24. Qa4 Ne5 25. Qxa7 Rxd1 26. Rxd1 Ne4 27. Be3 Bh5 28. Nxe5 Bxe2 29. Re1 Bh5 30. Nd3 Qxc4 31. Nf4 Bg6 32. Qxb6 Bf5 33. Rc1 Qa4 34. Nd5 h5 35. Qc7 Be6 36. Nf4 Qb3 37. Qa5 Nf6 38. Qc3 Rb8 39. Qxb3 Rxb3 40. Rxc5 Rxb2 41. Nxh5 Ne4 42. Re5 Nc3 43. Nf4 Rb1+ 44. Kh2 Bd7 45. Rg5 f6 46. Rc5 Rb3 47. Rc7 Bf5 48. Nh5 Rxa3 49. Rxg7+ Kh8 50. Rb7 Nd5 51. Bd4 Ra6 52. Nxf6 Nxf6 53. Rf7 Kg8 54. Rxf6 1-0

[Event "FAI-chT 1920"]
[Site "Faroe Islands"]
[Date "2019.10.13"]
[Round "1.2"]
[White "Thomsen, Bernhard"]
[Black "Nielsen, Rogvi Egilstoft"]
[Result "0-1"]
[WhiteElo "2012"]
[BlackElo "2382"]
[PlyCount "102"]
[EventDate "2019.10.13"]
[EventType "team-tourn"]
[EventRounds "10"]
[EventCountry "FAI"]
[SourceTitle "CBM 195 Extra"]
[Source "ChessBase"]
[SourceDate "2020.05.31"]
[SourceVersion "1"]
[SourceVersionDate "2020.05.31"]
[SourceQuality "1"]
[WhiteTeam "Kollafjordur"]
[BlackTeam "Sandavagur"]
[WhiteTeamCountry "FAI"]
[BlackTeamCountry "FAI"]

1. d4 Nf6 2. Nf3 e6 3. Bg5 c5 4. c3 b6 5. e3 Be7 6. Be2 Bb7 7. Nbd2 0-0 8. 0-0 d6 9. Re1 Nbd7 10. Qb3 Nd5 11. Bxe7 Qxe7 12. Bf1 Nc7 13. Rad1 a6 14. a4 Rfb8 15. e4 b5 16. a5 e5 17. dxe5 dxe5 18. c4 Bc6 19. Qc3 b4 20. Qe3 Ne6 21. Bd3 Nd4 22. Nxd4 cxd4 23. Qg3 Nc5 24. b3 Qc7 25. Ra1 Re8 26. Ra2 Re6 27. Bf1 Rg6 28. Qh4 Re8 29. f3 Ree6 30. Qf2 Ref6 31. Qe2 h5 32. g3 Bd7 33. Bg2 Qc8 34. Rd1 Bh3 35. Rb1 Bxg2 36. Kxg2 Ne6 37. Kh1 h4 38. g4 Nf4 39. Qf2 Nd3 40. Qe2 Nc5 41. Rf1 Rf4 42. h3 Rgf6 43. Kg2 Qd8 44. Rc1 Rc6 45. Rca1 Qg5 46. Rb1 Re6 47. Re1 Re8 48. Rd1 Re6 49. Re1 Re7 50. Rb1 f5 51. exf5 e4 0-1

[Event "FAI-chT 1819"]
[Site "Faroe Islands"]
[Date "2019.03.03"]
[Round "8.1"]
[White "Nielsen, Rogvi Egilstoft"]
[Black "Rasmussen, Steintor"]
[Result "1-0"]
[WhiteElo "2339"]
[BlackElo "2055"]
[PlyCount "69"]
[EventDate "2018.10.28"]
[EventType "team-tourn"]
[EventRounds "10"]
[EventCountry "FAI"]
[SourceTitle "CBM 189 Extra"]
[Source "ChessBase"]
[SourceDate "2019.06.03"]
[SourceVersion "1"]
[SourceVersionDate "2019.06.03"]
[SourceQuality "1"]
[WhiteTeam "Sandavagur"]
[BlackTeam "Klaksvik"]
[WhiteTeamCountry "FAI"]
[BlackTeamCountry "FAI"]

1. e4 c5 2. c3 e6 3. d4 d5 4. exd5 Qxd5 5. Nf3 Nf6 6. Na3 a6 7. Nc4 Qd8 8. a4 Be7 9. Be3 cxd4 10. Bxd4 Nbd7 11. Bd3 0-0 12. 0-0 Nd5 13. Bc2 N7f6 14. Qd3 g6 15. Rfe1 Nh5 16. g3 Ng7 17. Qd2 f6 18. a5 e5 19. Bb3 Be6 20. Nfxe5 fxe5 21. Rxe5 Bf7 22. Rd1 Nf5 23. Rxf5 gxf5 24. Qh6 Bf6 25. Nb6 Bxd4 26. Bxd5 Qf6 27. Bxf7+ Rxf7 28. Qxf6 Bxf6 29. Nxa8 Re7 30. Nb6 Re2 31. Nc4 Re4 32. Ne3 Re5 33. Rd7 Bg5 34. Nd5 Bc1 35. Nf6+ 1-0

[Event "Zadar op-A 25th"]
[Site "Zadar"]
[Date "2018.12.21"]
[Round "8"]
[White "Nielsen, Rogvi Egilstoft"]
[Black "Martinovic, Sasa"]
[Result "0-1"]
[WhiteElo "2339"]
[BlackElo "2554"]
[PlyCount "98"]
[EventDate "2018.12.15"]
[EventType "swiss"]
[EventRounds "9"]
[EventCountry "CRO"]
[SourceTitle "CBM 187 Extra"]
[Source "ChessBase"]
[SourceDate "2018.11.04"]
[SourceVersion "1"]
[SourceVersionDate "2018.11.04"]
[SourceQuality "1"]

1. e4 c5 2. c3 Nf6 3. e5 Nd5 4. d4 cxd4 5. cxd4 d6 6. Nf3 Nc6 7. Bc4 Nb6 8. Bb5 Bd7 9. Nc3 dxe5 10. dxe5 g6 11. 0-0 Bg7 12. Re1 0-0 13. h3 Qc7 14. Qe2 Rad8 15. a4 Be6 16. Be3 Nd5 17. Rac1 Nxe3 18. Qxe3 Qb6 19. Qxb6 axb6 20. Ng5 Bb3 21. f4 Bh6 22. g3 Bxg5 23. fxg5 Rd2 24. Ne4 Rd4 25. Nc3 Rfd8 26. Re2 Rd2 27. Rce1 Kg7 28. h4 R8d4 29. Kf1 Be6 30. Rxd2 Rxd2 31. Bxc6 bxc6 32. Rd1 Rxb2 33. Rd8 f5 34. exf6+ exf6 35. Ne4 fxg5 36. hxg5 Rb4 37. Nf6 Rxa4 38. Rd6 Bh3+ 39. Kf2 Rc4 40. Rd8 Rc5 41. Ne4 Re5 42. Nd6 Rxg5 43. Rb8 Rd5 44. Rb7+ Kh6 45. Ne4 b5 46. Rc7 Rf5+ 47. Kg1 Rf1+ 48. Kh2 Be6 49. g4 Bxg4 0-1

[Event "Zadar op-A 25th"]
[Site "Zadar"]
[Date "2018.12.18"]
[Round "5"]
[White "Loiseau, Quentin"]
[Black "Nielsen, Rogvi Egilstoft"]
[Result "1-0"]
[WhiteElo "2443"]
[BlackElo "2339"]
[PlyCount "55"]
[EventDate "2018.12.15"]
[EventType "swiss"]
[EventRounds "9"]
[EventCountry "CRO"]
[SourceTitle "CBM 187 Extra"]
[Source "ChessBase"]
[SourceDate "2018.11.04"]
[SourceVersion "1"]
[SourceVersionDate "2018.11.04"]
[SourceQuality "1"]

1. Nf3 Nf6 2. c4 b6 3. d4 e6 4. g3 Bb4+ 5. Bd2 a5 6. Bg2 Bb7 7. 0-0 0-0 8. Bg5 Be7 9. Re1 Ne4 10. Bxe7 Qxe7 11. Nfd2 f5 12. Nxe4 fxe4 13. Nc3 d5 14. Qb3 a4 15. Nxa4 Qf6 16. e3 Qxf2+ 17. Kh1 dxc4 18. Qxc4 Bd5 19. Qxc7 Rf7 20. Qd8+ Rf8 21. Qd6 Rxa4 22. Rf1 Nc6 23. Rxf2 Rxf2 24. Kg1 Rf8 25. Bxe4 Rd8 26. Qf4 Nxd4 27. exd4 Rxd4 28. Bxh7+ 1-0